Statistiken für Weltweite Rekordtransfers - Fußball

Klicken Sie hier um das Quiz zu spielen!

Allgemein

  • Dieses Quiz wurde 500 mal gespielt
  • Das Durchschnittsergebnis liegt bei 19 aus 30

Antwortstatistiken

Antwort% Korrekt
Neymar
98%
FC Barcelona
88%
Paris St. Germain
88%
Paris St. Germain
88%
Kylian Mbappé
86%
Real Madrid
86%
Real Madrid
86%
FC Barcelona
84%
FC Barcelona
84%
FC Barcelona
84%
Christiano Ronaldo
81%
Ousmane Dembélé
75%
Borussia Dortmund
71%
FC Chelsea
68%
AS Monaco
66%
Manchester City
66%
Liverpool
60%
Juventus Turin
59%
Philippe Coutinho
51%
Antoine Griezmann
50%
Benfica
48%
Benfica
48%
Atlético Madrid
47%
Atlético Madrid
47%
Joao Félix
46%
Enzo Fernández
45%
Jack Grealish
43%
Eden Hazard
41%
Aston Villa
33%
FC Chelsea
26%

Verteilung der Resultate

Perzentil nach korrekt beantworteten Fragen

Anzahl Personen mit jedem Resultat

Ihre Resultats-Entwicklung

Sie haben dieses Quiz noch nicht gespielt